000 00947nam a2200265 a 4500
001 000004146
003 DO-SdBNP
005 20240412074202.0
007 ta
008 090717e2007 dr 001 jdspa d
020 _a9789945160895
040 _aDO-SdBNP
_bspa
_cBNPHU
082 4 _aRD863.44
_bM538s
_222
100 1 _aMéndez Vargas, Abraham,
_d1961-
_912273
245 1 3 _aEl Santo la gran plena y otros cuentos del Sur /
_cAbraham Méndez Vargas.
260 _aSanto Domingo :
_bEditores Brujos,
_c2007
300 _a55 p. ;
_c22 cm.
500 _aIncluye datos biográficos del autor en la contracubierta.
505 0 _aEl Santo la gran plena --
_tCómo tumbar una bruja --
_tLos angelitos de papel --
_tUn grito desde el cielo --
_tUn punto aparte.
590 _aInventariado, 2019/BT
650 0 _aCuentos dominicanos
_9176
650 0 _aLiteratura dominicana.
_967
910 _aValidado. Control de calidad MMOLINA
942 _2ddc
_cLBS1
999 _c3962
_d3962